<?xml version="1.0" encoding="UTF-8"?><?xml-stylesheet type="text/xsl" href="static/style.xsl"?><OAI-PMH xmlns="http://www.openarchives.org/OAI/2.0/" xmlns:xsi="http://www.w3.org/2001/XMLSchema-instance" xsi:schemaLocation="http://www.openarchives.org/OAI/2.0/ http://www.openarchives.org/OAI/2.0/OAI-PMH.xsd"><responseDate>2026-04-18T13:21:41Z</responseDate><request verb="GetRecord" identifier="oai:recam.amb.cat:20.500.14439/1358" metadataPrefix="marc">https://recam.amb.cat/rest/oai/request</request><GetRecord><record><header><identifier>oai:recam.amb.cat:20.500.14439/1358</identifier><datestamp>2025-05-07T06:02:33Z</datestamp><setSpec>com_20.500.14439_125</setSpec><setSpec>col_20.500.14439_139</setSpec></header><metadata><record xmlns="http://www.loc.gov/MARC21/slim" xmlns:dcterms="http://purl.org/dc/terms/" xmlns:xsi="http://www.w3.org/2001/XMLSchema-instance" xmlns:doc="http://www.lyncode.com/xoai" xsi:schemaLocation="http://www.loc.gov/MARC21/slim http://www.loc.gov/standards/marcxml/schema/MARC21slim.xsd">
   <leader>00925njm 22002777a 4500</leader>
   <datafield ind2=" " ind1=" " tag="042">
      <subfield code="a">dc</subfield>
   </datafield>
   <datafield ind2=" " ind1=" " tag="720">
      <subfield code="a">Guardiola, Moisès</subfield>
      <subfield code="e">author</subfield>
   </datafield>
   <datafield ind2=" " ind1=" " tag="260">
      <subfield code="c">2018-12-01</subfield>
   </datafield>
   <datafield ind2=" " ind1=" " tag="520">
      <subfield code="a">El present treball correspon a l'actualització del catàleg de flora i hàbitats del turó de l'Enric almunicipi de Badalona. Aquest turó correspon a una petita peça de poc més de 3,9 hectàrees dels espais verds de l'Àrea Metropolitana de Barcelona, forma part dels Espais Intersticials i de Marge, i actualment pertany al parc metropolità del Torrent de la Font i del Turó de l'Enric. El catàleg de flora recull 264 tàxons, que pertanyen a 68 famílies de plantes vasculars. Aquests valors de riquesa són destacables, ja que en aquest petit espai hi hem trobat gairebé el 20% dela flora present a tota la serralada Litoral central, i aproximadament el 7,5% de la flora i el 42%de les famílies de plantes vasculars presents a Catalunya.</subfield>
   </datafield>
   <datafield ind1="8" ind2=" " tag="024">
      <subfield code="a">https://hdl.handle.net/20.500.14439/1358</subfield>
   </datafield>
   <datafield ind1="8" ind2=" " tag="024">
      <subfield code="a">7617135</subfield>
   </datafield>
   <datafield tag="653" ind2=" " ind1=" ">
      <subfield code="a">Parcs</subfield>
   </datafield>
   <datafield tag="653" ind2=" " ind1=" ">
      <subfield code="a">Flora</subfield>
   </datafield>
   <datafield ind2="0" ind1="0" tag="245">
      <subfield code="a">Actualització del catàleg de ﬂora i hàbitats del Turó de l'Enric: Parc del Torrent de la Font i del Turó de l'Enric, Badalona</subfield>
   </datafield>
</record></metadata></record></GetRecord></OAI-PMH>